000 00916nam a2200241 a 4500
001 39943
003 BD-RjUL
005 20211209053111.0
008 160420s1982 bg ||||| |||| 00| 0 ben d
020 _c: Tk.40.00
035 _a(BD-RjUL)40057
040 _aBD-RjUL
_bben
_cBD-RjUL
_dBD-RjUL
041 _aben
082 _223
_a576.5
_bALM 1982
100 _aআলী, শেখ জিনাত
_9123033
245 1 0 _aমৌলিক কৌলিবিজ্ঞান = FUNDAMENTAL GENETICS /
_cশেখ জিনাত আলী
260 _aঢাকা :
_bবাংলা একাডেমী,
_c১৯৮২.
300 _a[ছয়] ২৭৭ পৃ. :
_bচিত্র ;
_c২১ সেমি.
504 _aগ্রন্থপঞ্জি ও পরিভাষা সংযুক্ত.
650 _aকৌলিবিজ্ঞান
_9123034
650 _aGenetics
_9117737
942 _2ddc
_cBK
999 _c39943
_d39943